The Angola Quiz Stats

 Plays Quiz Updated Feb 18, 2018

Also try: The Kenya Quiz
Challenge
Share
Tweet
Embed
Score 0/40 Timer 07:00
0 Plays Today
Hint Answer % Correct
Flag ColorRed
98.3%
Flag ColorBlack
96.3%
Flag ColorYellow
96%
ContinentAfrica
87.5%
Drives on the...Right
87.1%
Bordering CountryNamibia
86.4%
Bordering CountryDemocratic Republic of the Congo
85.9%
Lowest Point (0 m)Atlantic Ocean
84.6%
Bordering OceanAtlantic Ocean
84.4%
Independence FromPortugal
82.6%
Official NameRepublic of Angola
80.3%
Most Popular SportFootball
80%
Nationality (Demonym)Angolan
79.5%
Bordering CountryZambia
77.6%
Official LanguagePortuguese
77.3%
Largest ReligionChristianity
76.5%
Bordering CountryRepublic of the Congo
74.9%
CapitalLuanda
68%
Largest CityLuanda
68%
Number of Provinces18
67.1%
Hint Answer % Correct
Smallest Province (Area)Luanda
65.8%
Population (nearest million)29,310,273 (2017 estimate)
62%
Internet Country Code.ao
60.2%
Rank in Country List (Area)23
47.8%
Longest River Congo River
40.3%
Year of War for Independence End1974
39.5%
Year of Civil War's End2002
37.5%
Independence Day11 November 1975
34%
Exclave ProvinceCabinda
31.1%
CurrencyAngolan kwanza
14.4%
Second Largest CityHuambo
10%
PresidentJoão Lourenço
8%
Majority PartyMPLA
8%
National AnthemAngola Avante!
6.2%
National MottoVirtue is stronger when united
5.6%
Largest Province (Area)Moxico
5.5%
Traditional musicSemba
5%
Highest Point (2,620 m)Mount Moco
4.7%
National BirdRed-crested Turaco
3.5%
National TreeImbondeiro
3.3%

You're not logged in!

Compare scores with friends on all Sporcle quizzes.
Join for Free
OR
Log In

You Might Also Like...

Show Comments

Extras

Top Quizzes Today


Score Distribution

Your Account Isn't Verified!

In order to create a playlist on Sporcle, you need to verify the email address you used during registration. Go to your Sporcle Settings to finish the process.

Report this User

Report this user for behavior that violates our Community Guidelines.

Details: